LEADER 02691nas 2200673-a 450 001 996216603503316 005 20240413025551.0 035 $a(DE-599)ZDB2262068-0 035 $a(CKB)991042728749304 035 $a(CONSER)---85647380- 035 $a(EXLCZ)99991042728749304 100 $a20790413b19772005 -f- - 101 0 $aeng 181 $ctxt$2rdacontent 182 $cc$2rdamedia 183 $acr$2rdacarrier 200 00$aStatistical indicators for Asia and the Pacific 210 $aBangkok, Thailand $cEconomic and Social Commission for Asia and the Pacific$d1977-©2005 215 $a1 online resource 300 $a"United Nations publication sales no.: E.83. II. F9." 311 08$aPrint version: Statistical indicators for Asia and the Pacific. 0252-4457 (DLC) 85647380 (OCoLC)4852898 531 $aSTATISTICAL INDICATORS FOR ASIA & THE PACIFIC 606 $aEconomic indicators$zAsia$vPeriodicals 606 $aEconomic indicators$zOceania$vPeriodicals 606 $aIndicateurs économiques$zAsie$vPériodiques 606 $aIndicateurs économiques$zOcéanie$vPériodiques 606 $aEconomic history$2fast$3(OCoLC)fst00901974 606 $aEconomic indicators$2fast$3(OCoLC)fst00901996 606 $aEconomic conditions$zAsia$2ltcsh 606 $aEconomic conditions$zIslands of the Pacific$2ltcsh 607 $aAsia$xEconomic conditions$vStatistics$vPeriodicals 607 $aOceania$xEconomic conditions$vStatistics$vPeriodicals 607 $aAsia$vStatistics$vPeriodicals 607 $aOceania$vStatistics$vPeriodicals 607 $aAsie$xConditions économiques$vStatistiques$vPériodiques 607 $aOcéanie$xConditions économiques$vStatistiques$vPériodiques 607 $aAsie$vStatistiques$vPériodiques 607 $aOcéanie$vStatistiques$vPériodiques 607 $aAsia$2fast 607 $aOceania$2fast 608 $aPeriodicals.$2fast 608 $aStatistics.$2fast 608 $aPeriodicals.$2lcgft 615 0$aEconomic indicators 615 0$aEconomic indicators 615 6$aIndicateurs économiques 615 6$aIndicateurs économiques 615 7$aEconomic history. 615 7$aEconomic indicators. 615 7$aEconomic conditions 615 7$aEconomic conditions 676 $a330.95/0021 712 02$aUnited Nations.$bEconomic and Social Commission for Asia and the Pacific. 712 02$aUnited Nations.$bEconomic and Social Commission for Asia and the Pacific.$bStatistics Division. 906 $aJOURNAL 912 $a996216603503316 920 $aexl_impl conversion 996 $aStatistical indicators for Asia and the Pacific$91174418 997 $aUNISA